00295nam a2200121Ia 45000030006000000080041000060400015000471000017000622450015000792600050000945460012001440050017001560STCL150530s9999 xx 000 0 und d aSTCLcSTCL aPrem Nath Ed aBone metal bIndian Council of Agricultural Researchc1956 aEnglish20220125170336.0